20 Mutter-Songs - Statistiken

Allgemein
  • Dieses Quiz wurde 80 mal gespielt
  • Das Durchschnittsergebnis liegt bei 3 aus 20
Antwortstatistiken
Hint Antwort % Korrekt
HeintjeGenesis Spice Girls Mama
94%
Rammstein Mutter
79%
Pink FloydMeghan Trainor Charlie Puth Danzig Mother
60%
Abba Mama Mia
36%
Falco Mutter der Mann mit dem Koks ist da
26%
2Pac Dear Mama
8%
Sido Mama ist stolz
7%
Kanye West Hey Mama
6%
Ozzy Osbourne Mama I'm coming home
6%
Metallica Mama said
4%
LL Cool J Mama said knock you out
4%
Dr. Hook Sylvia's mother
4%
Fünf Sterne Deluxe Jaja deine Mudder
3%
The Rolling Stones Mothers little helper
3%
Zillertaler Schürzenjäger Sierra Madre
3%
Boyz II Men A song for Mama
1%
Bon Jovi If I was your mother
1%
Randy Newman Mama told me not to come
1%
Elvis Presley That's all right Mama
1%
Beatles Your mother should know
0%
Keine übereinstimmenden Quizze gefunden
Verteilung der Resultate
Anzahl Personen mit jedem Resultat
Perzentil nach korrekt beantworteten Fragen
Ihre Resultats-Entwicklung
Sie haben dieses Quiz noch nicht gespielt